Szczegóły MARC21

MODELOWANIE procesów ekonomicznych w świetle koncepcji zgodnych modeli dynamicznych /

005 -DATA I CZAS OSTATNIEJ MODYFIKACJI [,]
    • @
    • pole kontrolne
    • 20070315155141.9
040 -Instytucja sporządzająca opis [ , ]
    • a
    • Instytucja, która sporządziła opis (NP)
    • SZCZ U
    • c
    • Instytucja, która sporządziła rekord (NP)
    • SZCZ U
041 -Język dokumentu [0, ]
    • a
    • Język tekstu (P)
    • polski
    • h
    • Język tekstu oryginalnego i/lub pośredniego (P)
    • polski
942 -Rodzaj dokumentu [ , ]
    • c
    • Rodzaj dokumentu
    • Książka
245 -Strefa tytułu i oznaczenia odpowiedzialności [0, ]
    • a
    • Tytuł
    • MODELOWANIE procesów ekonomicznych w świetle koncepcji zgodnych modeli dynamicznych / Find
    • c
    • Pozostałe elementy strefy tytułu i oznaczenia odpowiedzialności (NP)
    • red. Zygmunt Zieliński.
260 -Strefa adresu wydawniczego [ , ]
    • a
    • Miejsce wydania (P)
    • Toruń :
    • b
    • Nazwa wydawcy (P)
    • UMK,
    • c
    • Data wydania (P)
    • 1992.
300 -Strefa opisu fizycznego [ , ]
    • a
    • Określenie formy książki i/lub objętość (NP)
    • 117 :
    • c
    • Format (NP)
    • 24 cm.
490 -Strefa serii i książki wielotomowej - forma nie do wyszukiwania [0, ]
    • z
    • Numer rekordu powiązanego
    • 120363
    • a
    • Tytuł (P)
    • (Acta Universitatis Nicolai Copernici : Nauki Humanistyczno-Społeczne. EKONOMIA ; Find
    • y
    • Zob. egzemplarze
    • 2
    • x
    • ISSN (NP)
    • 0208-5305)
    • v
    • Numeracja (P)
    • 18,
500 -Uwaga ogólna [ , ]
    • a
    • Uwaga ogólna (NP)
    • Bibliogr
500 -Uwaga ogólna [ , ]
    • a
    • Uwaga ogólna (NP)
    • ISSN 0860-1232, nr serii gł. 212
080 -Uniwersalna Klasyfikacja Dziesiętna [ , ]
    • a
    • Symbol klasyfikacji
    • 330.43
    • 9
    • UKD
    • 2972
    • 2
    • Identyfikator wydania tablic
    • UDC-P058
    • b
    • Dopowiedzenie
    • Ekonometria.
080 -Uniwersalna Klasyfikacja Dziesiętna [ , ]
    • a
    • Symbol klasyfikacji
    • :519.21
980 -Symbol UKD [ , ]
    • a
    • UKD
    • 330.43:519.21
700 -Hasło dodatkowe - nazwa osobowa [ , ]
    • a
    • Nazwa osobowa (NP)
    • Zieliński Zygmunt Find
Status udost. Numer tomu Sygnatura Numer inwentarzowy Powiązanie z serią Data inwentaryzacji Lokalizacja
-1118Tc.532Tc.53322000-02-07Tc